Geografía es 2 /
Guardado en:
| Autor Principal: | |
|---|---|
| Otros Autores: | , , , |
| Formato: | Libro |
| Publicado: |
Buenos Aires :
Tinta Fresca,
2008
|
| Series: | Educación Secundaria
|
| Materias: | |
| Etiquetas: |
Agregar Etiqueta
Sin Etiquetas, Sea el primero en etiquetar este registro!
|
| LEADER | 01057nam a22002655a 4500 | ||
|---|---|---|---|
| 001 | CEM.cems012855 | ||
| 005 | 20080425105538.0 | ||
| 008 | 130507s2008##################000#0#####d | ||
| 003 | CEMS | ||
| 020 | |a 9789875761704 | ||
| 082 | 0 | 4 | |a Z918 |
| 100 | 1 | |a Braccio, Gabriela | |
| 245 | 1 | 0 | |a Geografía es 2 / |c Grabriela Braccio ... [et Al.] |
| 260 | |a Buenos Aires : |b Tinta Fresca, |c 2008 | ||
| 300 | |a 176 p. | ||
| 490 | 0 | |a Educación Secundaria | |
| 505 | 0 | |a Las personas y el espacio -- Europeos y americanos -- Los ambientes de América -- América latina despúes de la conquista -- La comunidad urbana y rural en América Latina -- La población latinoamericana -- La organización política de América Latina -- América en el mundo | |
| 653 | |a Geografía | ||
| 653 | |a Geografía de américa | ||
| 653 | |a Geografía de américa-educación secundaria básica | ||
| 700 | 1 | |a Campo, Alicia | |
| 700 | 1 | |a Correas, Juan Francisco | |
| 700 | 1 | |a Rodríguez, Diego | |
| 700 | 1 | |a Vismara, Felipe | |
| 859 | |a CEMS |b BIB. CEMS - 11 de abril |h Z918 |i B721 |p 25117.08 |t Ej.1 | ||
